Govt. of
Madhya Pradesh

मानव धर्म का विज्ञान (Record no. 10876)

MARC details
000 -LEADER
fixed length control field 005560000a22001810004500
003 - CONTROL NUMBER IDENTIFIER
control field MACL
005 - DATE AND TIME OF LATEST TRANSACTION
control field 20160413132144.0
008 - FIXED-LENGTH DATA ELEMENTS--GENERAL INFORMATION
fixed length control field 160413b xxu||||| |||| 00| 0 eng d
040 ## - CATALOGING SOURCE
Original cataloging agency MACL
Transcribing agency MACL
041 ## - LANGUAGE CODE
Language code of text/sound track or separate title Hindi
082 ## - DEWEY DECIMAL CLASSIFICATION NUMBER
Classification number 100
100 ## - MAIN ENTRY--PERSONAL NAME
Personal name तन्‍मय
9 (RLIN) 45677
245 ## - TITLE STATEMENT
Title मानव धर्म का विज्ञान
260 ## - PUBLICATION, DISTRIBUTION, ETC. (IMPRINT)
Name of publisher, distributor, etc. मानव धर्म प्रशिक्षण संस्‍थान
Date of publication, distribution, etc. 2005
Place of publication, distribution, etc. नई दिल्‍ली
350 ## - PRICE (NR) (BK AM CF MU VM SE) [OBSOLETE]
Price 450
650 ## - SUBJECT ADDED ENTRY--TOPICAL TERM
Topical term or geographic name as entry element Philisophy
9 (RLIN) 52173
942 ## - ADDED ENTRY ELEMENTS (KOHA)
Koha item type Hindi Books
Call number prefix 100
Source of classification or shelving scheme
Holdings
Withdrawn status Lost status Source of classification or shelving scheme Damaged status Not for loan Home library Current library Date acquired Cost, normal purchase price Total Checkouts Total Renewals Full call number Barcode Date last seen Date last checked out Uniform Resource Identifier Price effective from Koha item type
          MACL MACL 15/04/2015 450.00 6 2 100 CRH019290 05/09/2024 23/08/2024 10761 15/04/2015 Books